Statistics for The Reign of Charles III

Click here to take the quiz!

General Stats

  • This quiz has been taken 242 times
    (157 since last reset)
  • The average score is 5 of 6

Answer Stats

QuestionAnswer% Correct
When did Charles III ascend the throne?8th September {2022}
99%
Which monarch did he succeed?Elizabeth II
98%
Who is his Heir Apparent?William, Prince of Wales
94%
What is the name of his Queen Consort?Camilla
93%
Who was the UK Prime Minister on his accession?Liz Truss
81%
Who was the first Prime Minister that he appointed?Rishi Sunak
80%

Score Distribution

Percentile by Number Answered

Percent of People with Each Score

Your Score History

You have not taken this quiz since the last reset